[Event "52nd World Juniors 2013"]
[Site "Kocaeli TUR"]
[Date "2013.09.13"]
[Round "1.1"]
[White "Gaehwiler, Gabriel"]
[Black "Yu, Yangyi"]
[Result "0-1"]
[BlackTitle "GM"]
[WhiteElo "2287"]
[BlackElo "2662"]
[WhiteFideId "1314530"]
[BlackFideId "8603820"]
[EventDate "2013.09.13"]

1. e4 c5 2. Nf3 e6 3. d4 cxd4 4. Nxd4 a6 5. Nc3 Qc7 6. g3 Bb4 7. Ne2 Nf6 8. Bg2
Be7 9. O-O Nc6 10. Na4 b5 11. e5 Ng4 12. Nd4 Ngxe5 13. Bf4 Bb7 14. Re1 d6 15.
Nc5 Nxd4 16. Nxb7 Ndc6 17. Bxe5 dxe5 18. Na5 Nxa5 19. Bxa8 O-O 20. Bg2 Nc4 21.
b3 Na3 22. c4 Bb4 23. Re2 Rd8 24. Qf1 bxc4 25. bxc4 Bc3 26. Rc1 Bd2 27. Rd1 Nxc4
28. Re4 Nb2 29. Rb1 Nd3 30. Re2 Nc5 31. Rd1 Bc3 32. Rxd8+ Qxd8 33. Qc1 Bd4 34.
Rc2 Qb6 35. Kh1 g6 36. Qf1 Kg7 37. Rd2 Qb4 38. Rc2 a5 39. Qd1 a4 40. Bc6 Qb6 41.
Bg2 a3 42. f4 Nd7 43. Rc6 Qb2 44. Rc2 Qb4 45. Rc7 Nf6 46. Rb7 Qc4 47. Qd2 Ne4 0-1

[Event "52nd World Juniors 2013"]
[Site "Kocaeli TUR"]
[Date "2013.09.13"]
[Round "1.2"]
[White "Ipatov, Alexander"]
[Black "Kulkarni, Rakesh"]
[Result "1-0"]
[WhiteTitle "GM"]
[WhiteElo "2601"]
[BlackElo "2283"]
[WhiteFideId "14116731"]
[BlackFideId "5037077"]
[EventDate "2013.09.13"]

1. c4 Nf6 2. Nc3 e6 3. d4 Bb4 4. a3 Bxc3+ 5. bxc3 d6 6. e3 Nbd7 7. Bd3 b6 8. Ne2
Bb7 9. f3 c5 10. e4 e5 11. Ng3 Qc7 12. O-O h5 13. Nf5 g6 14. Ne3 h4 15. Rb1 Nh5
16. Nd5 Bxd5 17. cxd5 f6 18. Bb5 Ke7 19. dxe5 Nxe5 20. f4 Nf7 21. Qg4 Rag8 22.
Qxh4 Kf8 23. Bd2 f5 24. Rbe1 c4 25. Be3 g5 26. fxg5 Nf6 27. Qf2 Ng4 28. Qxf5
Nxe3 29. Rxe3 Rh5 30. Bd7 Rg7 31. Qe6 Qd8 32. Ref3 1-0

[Event "52nd World Juniors 2013"]
[Site "Kocaeli TUR"]
[Date "2013.09.13"]
[Round "1.4"]
[White "Grandelius, Nils"]
[Black "Tomazini, Zan"]
[Result "1-0"]
[WhiteTitle "GM"]
[BlackTitle "FM"]
[WhiteElo "2576"]
[BlackElo "2277"]
[WhiteFideId "1710400"]
[BlackFideId "14608162"]
[EventDate "2013.09.13"]

1. e4 e5 2. Nf3 Nc6 3. Bb5 g6 4. c3 Nge7 5. d4 exd4 6. cxd4 a6 7. Ba4 b5 8. Bc2
d5 9. exd5 Nxd5 10. O-O Bg7 11. Bg5 Qd6 12. Nbd2 O-O 13. Ne4 Qd7 14. Re1 h6 15.
Bh4 f5 16. Nc5 Qd6 17. Bb3 Kh7 18. Rc1 Na5 19. Bc2 Nc4 20. b3 Na3 21. Bd3 b4 22.
Ne5 Nb5 23. Bc4 Ndc3 24. Qf3 Nxd4 25. Qxa8 Qxc5 26. Nd3 Nde2+ 27. Kf1 Qd6 28.
Rxc3 Nxc3 29. Bg3 f4 30. Bxf4 Rxf4 31. Nxf4 Qxf4 32. Qxc8 h5 33. Qh3 Qd6 34. Bd3
Bd4 35. Qxh5+ Kg7 36. Bxg6 Bxf2 37. Qh7+ Kf6 38. Qf7+ Kg5 39. Kxf2 Nd1+ 40. Rxd1
Qxd1 41. Qf5+ Kh6 42. Qd3 Qa1 43. Be4 Qxa2+ 44. Qc2 Qa5 45. Qc6+ 1-0

[Event "52nd World Juniors 2013"]
[Site "Kocaeli TUR"]
[Date "2013.09.13"]
[Round "1.5"]
[White "Muhammad, Luthfi Ali"]
[Black "Ter-Sahakyan, Samvel"]
[Result "1-0"]
[WhiteTitle "CM"]
[BlackTitle "GM"]
[WhiteElo "2277"]
[BlackElo "2575"]
[WhiteFideId "7103743"]
[BlackFideId "13302531"]
[EventDate "2013.09.13"]

1. e4 c5 2. Nf3 d6 3. d4 cxd4 4. Nxd4 Nf6 5. Nc3 a6 6. Be3 e5 7. Nb3 Be7 8. f3
Be6 9. Qd2 O-O 10. O-O-O a5 11. Qe1 Qc8 12. a4 Na6 13. Kb1 Nb4 14. g4 d5 15. g5
Ne8 16. exd5 Bf5 17. Rd2 Nc7 18. Na1 Rd8 19. Qd1 Qd7 20. Bc4 b5 21. axb5 Ne8 22.
Na4 Nd6 23. Nb6 Qc7 24. Be2 Rab8 25. Qg1 Rb7 26. Bc5 Rdb8 27. Bxd6 Bxd6 28. Na4
Rc8 29. Qd1 Qb8 30. Nc3 a4 31. Ne4 a3 32. bxa3 Na6 33. Nb3 Bxe4 34. fxe4 Nc7 35.
c4 Bxa3 36. Ra2 Bb4 37. Ra4 Bd6 38. Na5 Nxb5 39. cxb5 Rxb5+ 40. Bxb5 Qxb5+ 41.
Qb3 Qe2 42. Rc1 Rxc1+ 43. Kxc1 g6 44. Qc2 Qe3+ 45. Qd2 Qc5+ 46. Rc4 Qb5 47. Qc3 1-0

[Event "52nd World Juniors 2013"]
[Site "Kocaeli TUR"]
[Date "2013.09.13"]
[Round "1.7"]
[White "Chu, Wei Chao"]
[Black "Kovalev, Vladislav"]
[Result "1-0"]
[BlackTitle "IM"]
[WhiteElo "2270"]
[BlackElo "2568"]
[WhiteFideId "8605661"]
[BlackFideId "13504398"]
[EventDate "2013.09.13"]

1. d4 Nf6 2. c4 g6 3. Nc3 Bg7 4. e4 d6 5. Nf3 O-O 6. Be2 e5 7. O-O Na6 8. Be3
Ng4 9. Bg5 Qe8 10. dxe5 Nxe5 11. Nd5 Nxf3+ 12. Bxf3 Qe5 13. Bh4 Qxb2 14. Rb1 Qe5
15. c5 dxc5 16. Ne7+ Kh8 17. Nxc8 Rfxc8 18. Rxb7 c4 19. Bg3 Qe7 20. e5 Nc5 21.
Rb4 Nd3 22. Rxc4 Nb2 23. Qd4 Nxc4 24. Bxa8 Nxe5 25. Qxa7 h5 26. a4 Nd3 27. Bc6
Nb4 28. Bf3 Nc2 29. Qb7 Qe8 30. a5 Nd4 31. Bd5 Ne2+ 32. Kh1 Nxg3+ 33. fxg3 Rd8
34. a6 Qe2 35. Rb1 Bd4 36. a7 Bxa7 37. Qxa7 Qd3 38. Qa1+ Kg8 39. Rd1 Rxd5 40.
Rxd3 Rxd3 41. Kg1 Rd6 42. Qe5 Rd1+ 43. Kf2 Rd2+ 44. Kf3 Rc2 45. Qe4 Rc5 46. Qd4
Rf5+ 47. Ke3 c5 48. Qe4 Rg5 49. Kd3 Kg7 50. Qf4 Rd5+ 51. Kc3 Rf5 52. Qe4 Rg5 53.
Qe7 Rd5 54. h3 Kg8 55. Qe8+ Kg7 56. Qe4 Rg5 57. Kc4 Kf8 58. g4 hxg4 59. h4 Rh5
60. Qxg4 Kg7 61. g3 Kg8 62. Qe4 Kg7 63. Kb5 Kg8 64. Kc6 Kf8 65. Kd7 Kg7 66. Ke7
Rf5 67. g4 Rf1 68. Qe5+ Kg8 69. Qxc5 Re1+ 70. Kf6 Rf1+ 71. Kg5 Kg7 72. Qc7 Rf2
73. Qa7 Rf3 74. h5 gxh5 75. gxh5 Rf1 76. Qe3 Rd1 77. h6+ Kf8 78. Qa3+ Kg8 79.
Qa8+ Kh7 80. Qe4+ 1-0

[Event "52nd World Juniors 2013"]
[Site "Kocaeli TUR"]
[Date "2013.09.13"]
[Round "1.8"]
[White "Vidit, Santosh Gujrathi"]
[Black "Carneiro, Vitor Roberto Castro"]
[Result "1-0"]
[WhiteTitle "GM"]
[BlackTitle "CM"]
[WhiteElo "2565"]
[BlackElo "2263"]
[WhiteFideId "5029465"]
[BlackFideId "2130106"]
[EventDate "2013.09.13"]

1. d4 Nf6 2. Nf3 g6 3. c4 Bg7 4. Nc3 O-O 5. Bg5 c5 6. d5 d6 7. e3 e6 8. Nd2 h6
9. Bh4 exd5 10. cxd5 Nbd7 11. Be2 Re8 12. O-O a6 13. a4 g5 14. Bg3 Ne5 15. h3
Bf5 16. Bh2 h5 17. Bxe5 dxe5 18. Bxh5 Nxd5 19. Qf3 Be6 20. Nce4 Rc8 21. Nc4 Rc6
22. Rfd1 Qe7 23. Bg4 Nb4 24. Bxe6 Rxe6 25. Ncd6 Rf8 26. Nf5 Qc7 27. Nxg5 Rg6 28.
Qh5 Rb8 29. Qh7+ Kf8 30. Nxg7 Rxg7 31. Qh8+ Rg8 32. Nh7+ Ke7 33. Qf6+ Ke8 34.
Qf5 Rg7 35. Nf6+ Kf8 36. Nd7+ 1-0

[Event "52nd World Juniors 2013"]
[Site "Kocaeli TUR"]
[Date "2013.09.13"]
[Round "1.11"]
[White "Wang, Yiye"]
[Black "Eliseev, Urii"]
[Result "0-1"]
[BlackTitle "IM"]
[WhiteElo "2258"]
[BlackElo "2550"]
[WhiteFideId "8606021"]
[BlackFideId "24131920"]
[EventDate "2013.09.13"]

1. e4 c5 2. Nf3 Nc6 3. Nc3 d6 4. d4 cxd4 5. Nxd4 Nf6 6. Bg5 e6 7. Qd2 a6 8.
O-O-O Bd7 9. f4 b5 10. Bxf6 gxf6 11. Nxc6 Bxc6 12. f5 b4 13. Ne2 e5 14. Ng3 h5
15. Qe2 h4 16. Nh5 Ke7 17. Kb1 Bh6 18. Qf3 Qb6 19. Bc4 Qc5 20. Qb3 Ba4 21. Qxa4
Qxc4 22. Rxd6 Kxd6 23. Rd1+ Kc7 24. Qd7+ Kb8 25. Nxf6 Rc8 26. Qd6+ Ka7 27. Ka1
Qxc2 0-1

[Event "52nd World Juniors 2013"]
[Site "Kocaeli TUR"]
[Date "2013.09.13"]
[Round "1.12"]
[White "Indjic, Aleksandar"]
[Black "Ashiku, Franc"]
[Result "1-0"]
[WhiteTitle "IM"]
[WhiteElo "2549"]
[BlackElo "2253"]
[WhiteFideId "911925"]
[BlackFideId "4700066"]
[EventDate "2013.09.13"]

1. Nf3 Nf6 2. c4 c6 3. d4 d5 4. Nc3 Bf5 5. Qb3 Qb6 6. c5 Qc7 7. Bf4 Qc8 8. h3
Nbd7 9. e3 e6 10. Nh4 Bg6 11. Nxg6 hxg6 12. Rc1 Be7 13. Be2 Bd8 14. Qc2 Bc7 15.
b4 a6 16. Bd3 Qb8 17. Bxc7 Qxc7 18. f4 g5 19. Qf2 g4 20. Kd2 gxh3 21. Qf3 b5 22.
Rxh3 Rxh3 23. Qxh3 Rb8 24. g4 Ke7 25. g5 Ne8 26. Qh4 f5 27. Qh8 Kf7 28. Rh1 Nf8
29. Ne2 a5 30. Ng1 axb4 31. Nf3 Ra8 32. Ne5+ Ke7 33. Qg8 Rxa2+ 34. Bc2 b3 35.
Rh8 Qa5+ 36. Kd3 1-0

[Event "52nd World Juniors 2013"]
[Site "Kocaeli TUR"]
[Date "2013.09.13"]
[Round "1.13"]
[White "Tomazini, Aljosa"]
[Black "Duda, Jan-Krzysztof"]
[Result "0-1"]
[WhiteTitle "FM"]
[BlackTitle "IM"]
[WhiteElo "2251"]
[BlackElo "2534"]
[WhiteFideId "14608154"]
[BlackFideId "1170546"]
[EventDate "2013.09.13"]

1. d4 Nf6 2. Nf3 e6 3. c4 d5 4. Nc3 c6 5. g3 dxc4 6. Bg2 b5 7. O-O Bb7 8. e4 Be7
9. Qe2 Nbd7 10. Bf4 O-O 11. Rfd1 a5 12. Rac1 Re8 13. h3 Ba6 14. Ne5 Nxe5 15.
Bxe5 Nd7 16. Bf4 b4 17. Na4 c3 18. Qc2 cxb2 19. Qxb2 Bb5 20. Nc5 e5 21. Be3 exd4
22. Bxd4 Nxc5 23. Bxc5 Bf6 24. Qb3 Qc8 25. a3 Rd8 26. axb4 a4 27. Qa3 Qe6 28. f4
Rxd1+ 29. Rxd1 Rd8 30. Rxd8+ Bxd8 31. Qc3 Be7 32. Bxe7 Qxe7 33. e5 Qa7+ 34. Kh2
h5 35. Qa3 Qf2 36. Kh1 Qd2 37. h4 Qd3 38. Qc1 a3 39. Bxc6 Qc4 0-1

[Event "52nd World Juniors 2013"]
[Site "Kocaeli TUR"]
[Date "2013.09.13"]
[Round "1.14"]
[White "Stukopin, Andrey"]
[Black "Docena, Jerad"]
[Result "1-0"]
[WhiteTitle "IM"]
[WhiteElo "2522"]
[BlackElo "2227"]
[WhiteFideId "24107131"]
[BlackFideId "5208173"]
[EventDate "2013.09.13"]

1. e4 c5 2. Nf3 d6 3. d4 cxd4 4. Nxd4 Nf6 5. Nc3 Nc6 6. Bg5 e6 7. Qd2 a6 8.
O-O-O Bd7 9. f3 Be7 10. h4 h6 11. Be3 h5 12. Bg5 Ne5 13. f4 Neg4 14. Qe1 Qc7 15.
Nf3 Bc6 16. Nd4 Bd7 17. Be2 Bd8 18. f5 e5 19. Bxg4 Nxg4 20. Bxd8 Rxd8 21. Nd5
Qc4 22. Nb3 Bc6 23. Rh3 Nf6 24. Nd2 Qa4 25. Ra3 Qd4 26. Rd3 Qc5 27. b4 Qa7 28.
Nxf6+ gxf6 29. Nc4 Ke7 30. Nxd6 Rhg8 31. b5 Rxd6 32. Qb4 Rd8 33. Rxd6 Qe3+ 34.
Kb1 1-0

[Event "52nd World Juniors 2013"]
[Site "Kocaeli TUR"]
[Date "2013.09.13"]
[Round "1.15"]
[White "Neves, Pedro"]
[Black "Debashis, Das"]
[Result "0-1"]
[BlackTitle "IM"]
[WhiteElo "2212"]
[BlackElo "2489"]
[WhiteFideId "1905554"]
[BlackFideId "5024854"]
[EventDate "2013.09.13"]

1. d4 Nf6 2. Nf3 d5 3. c4 e6 4. e3 b6 5. Nbd2 Bb7 6. Be2 Bd6 7. b3 O-O 8. Bb2 c5
9. O-O Nc6 10. Rc1 Rc8 11. Qc2 Re8 12. Rfd1 h6 13. Qb1 Qe7 14. dxc5 bxc5 15. Qa1
Red8 16. cxd5 exd5 17. Bb5 a6 18. Bxc6 Rxc6 19. Nf1 Bb8 20. Ng3 Ba7 21. Rc2 a5
22. Rdc1 Rdc8 23. Ne5 R6c7 24. Nd3 Ne8 25. Nf4 d4 26. Re1 Qh4 27. Nd3 dxe3 28.
fxe3 c4 29. bxc4 Rxc4 30. Rf2 Rc2 31. Bd4 Rxf2 32. Nxf2 Bb8 33. Be5 Bxe5 34.
Qxe5 Qb4 35. Rd1 Qc5 36. Qf4 Nf6 37. e4 Re8 38. Re1 Bc8 39. h3 Be6 40. Qd2 Rc8
41. Kh2 a4 42. Re2 a3 43. Qf4 Qb4 44. Nf5 Bxf5 45. Qxf5 Qc4 46. Qf3 Rb8 47. Re3
Qxa2 48. Rxa3 Qe6 49. Re3 Rb2 50. Nd3 Rd2 51. Qf5 Qc6 52. Nf4 Rf2 53. Qe5 Qc1
54. Rf3 Rxf3 55. gxf3 Qf1 56. Qc3 Qf2+ 57. Ng2 Kh7 58. Qe3 Qc2 59. Qf4 Qc4 60.
e5 Qxf4+ 61. Nxf4 g5 62. Nd3 Nd7 63. h4 gxh4 64. Kh3 Kg6 65. Kg4 h3 66. Nf4+ Kg7
67. Nxh3 Nxe5+ 68. Kf4 Kf6 69. Nf2 Nc4 70. Ne4+ Kg6 71. Ng3 Nb6 72. Kg4 Nd5 73.
Kh4 Ne3 74. Ne2 Nf5+ 75. Kg4 Ng7 76. Kf4 Kh5 77. Kg3 Kg5 78. f4+ Kg6 79. Kg4 Kf6
80. Kf3 Ke6 81. Nc3 Ne8 82. Ne4 Nf6 83. Nc5+ Kd5 84. Nd3 Nd7 85. Nb4+ Kc5 86.
Nc2 Nf6 87. Ne3 Ng8 88. Ke4 Kd6 89. Kf3 Ke6 90. Kg4 Kf6 91. Kh5 Kg7 92. Kg4 Kg6
93. Kh4 Nf6 94. Kg3 Ne8 95. Kg4 Nd6 96. f5+ Kg7 97. Kf4 Ne8 98. Ng4 Nf6 99. Nf2
Kf8 100. Ke5 Ke7 101. Nh3 Nd7+ 102. Kf4 Kd6 103. Nf2 Nf6 104. Nd3 Kd5 105. Nf2
Kd4 106. Nh3 Nd5+ 107. Kg4 Ke5 108. Ng1 Nf6+ 109. Kh4 Kxf5 110. Ne2 Nd5 111.
Nd4+ Kg6 112. Nc6 f6 113. Nd4 Ne3 114. Ne2 Nf5+ 115. Kg4 Ng7 116. Kf4 h5 117.
Nd4 Kf7 118. Nf3 Ke6 119. Nh4 Kf7 120. Ng2 Ke7 121. Nh4 Ke6 122. Ng6 Ne8 123.
Nh4 Nd6 124. Ng6 Kf7 125. Nh4 Nc8 126. Nf3 Ne7 127. Ke4 Kg6 128. Kf4 Nd5+ 129.
Ke4 Nc7 130. Kf4 Ne6+ 131. Kg3 Kf5 132. Kh4 Ng7 133. Nd2 Kf4 134. Nc4 f5 135.
Nd6 Ke5 136. Nf7+ Kd4 137. Kg5 Ke3 138. Ne5 f4 139. Nc4+ Kd3 140. Nb2+ Ke4 141.
Nd1 f3 142. Kh4 Kf4 143. Kh3 Nf5 144. Nf2 Ke3 145. Nh1 Ke2 146. Kh2 f2 0-1

[Event "52nd World Juniors 2013"]
[Site "Kocaeli TUR"]
[Date "2013.09.13"]
[Round "1.16"]
[White "Kanarek, Marcel"]
[Black "Koksal, Ege"]
[Result "1-0"]
[WhiteTitle "IM"]
[BlackTitle "CM"]
[WhiteElo "2483"]
[BlackElo "2207"]
[WhiteFideId "1126822"]
[BlackFideId "6317626"]
[EventDate "2013.09.13"]

1. c4 e6 2. Nc3 d5 3. d4 Be7 4. cxd5 exd5 5. Bf4 c6 6. e3 Bf5 7. Nge2 Nd7 8. Ng3
Bg6 9. Be2 Ngf6 10. h4 h5 11. Bf3 Qb6 12. Qe2 a5 13. O-O Qa6 14. Qd2 O-O 15. Qd1
Bd3 16. Re1 g6 17. Qd2 a4 18. Nxa4 Ne4 19. Bxe4 dxe4 20. Nc3 f5 21. Bg5 Bd6 22.
Nge2 Nb6 23. Nf4 Bxf4 24. Bxf4 Na4 25. b3 Nxc3 26. Qxc3 Qa5 27. Qb2 Rfd8 28. a4
Rd5 29. b4 Qd8 30. Bg5 Qe8 31. Rec1 Ra6 32. Rc5 b5 33. axb5 Rxa1+ 34. Qxa1 Bxb5
35. Rc3 Kf7 36. Ra3 Qe6 37. Ra8 Rd7 38. Rh8 Kg7 39. d5+ 1-0

[Event "52nd World Juniors 2013"]
[Site "Kocaeli TUR"]
[Date "2013.09.13"]
[Round "1.17"]
[White "Nuri, Murad"]
[Black "Narayanan, Srinath"]
[Result "1-0"]
[BlackTitle "IM"]
[WhiteElo "2206"]
[BlackElo "2483"]
[WhiteFideId "13404474"]
[BlackFideId "5018420"]
[EventDate "2013.09.13"]

1. Nf3 c5 2. e4 d6 3. Nc3 a6 4. g3 Nc6 5. Bg2 g6 6. d4 cxd4 7. Nxd4 Bg7 8. Nxc6
bxc6 9. O-O Rb8 10. Qe2 a5 11. Rd1 Qc7 12. h3 Nf6 13. b3 O-O 14. Rb1 Nd7 15. Na4
c5 16. Bg5 Re8 17. Qd2 c4 18. Be3 Ba6 19. Bd4 Bxd4 20. Qxd4 Rec8 21. Rbc1 c3 22.
Bf1 Rb4 23. Qe3 Bxf1 24. Kxf1 Nf6 25. Rd4 e5 26. Rxb4 axb4 27. Rd1 Rd8 28. Nb6
Nxe4 29. Nd5 Nxg3+ 30. fxg3 Qa5 31. Qb6 Qa8 32. Qxb4 Rc8 33. Qxd6 1-0

[Event "52nd World Juniors 2013"]
[Site "Kocaeli TUR"]
[Date "2013.09.13"]
[Round "1.18"]
[White "Idani, Pouya"]
[Black "Pecurica, Milos"]
[Result "1-0"]
[WhiteTitle "IM"]
[WhiteElo "2480"]
[BlackElo "2190"]
[WhiteFideId "12510130"]
[BlackFideId "944963"]
[EventDate "2013.09.13"]

1. d4 d5 2. c4 c6 3. Nf3 Nf6 4. Qc2 e6 5. g3 dxc4 6. Qxc4 b5 7. Qc2 Bb7 8. Bg2
Nbd7 9. O-O c5 10. a4 Rc8 11. axb5 cxd4 12. Qd1 Qb6 13. Nxd4 Bxg2 14. Kxg2 Rxc1
15. Qxc1 Qxd4 16. Qc8+ Ke7 17. Nc3 g6 18. Rfd1 Bg7 19. Qc7 Qb6 20. Rxa7 Qxc7 21.
Rxc7 Rd8 22. b6 Ne8 23. Rdxd7+ Rxd7 24. b7 Rxc7 25. b8=Q Bxc3 26. bxc3 Kd7 27.
Qb4 Nd6 28. Qd4 Rc4 29. Qd3 e5 30. Qd5 e4 31. Qe5 h5 32. Kf1 Kc6 33. Ke1 Rc5 34.
Qf6 Rd5 35. Qe7 Rf5 36. Qa7 Rd5 37. Qa8+ Kc5 38. Qa4 Kb6 39. Qd7 g5 40. c4 Rd4
41. e3 Rd3 42. Qd8+ Kc5 43. Qxg5+ Kxc4 44. Qxh5 Rd5 45. Qe2+ Kc3 46. h4 Nc4 47.
h5 Nd2 48. g4 f5 49. g5 Nf3+ 50. Kf1 Rd2 51. Qxd2+ Kxd2 52. g6 Nh2+ 53. Kg2 Ng4
54. g7 Nh6 55. Kg3 Ke2 56. Kf4 Kxf2 57. Kg5 Ng8 58. h6 Nxh6 59. Kxh6 Kxe3 60.
g8=Q f4 61. Qb3+ Kf2 62. Kg5 f3 63. Kf4 Kg1 64. Qd1+ Kg2 65. Kxe4 1-0

[Event "52nd World Juniors 2013"]
[Site "Kocaeli TUR"]
[Date "2013.09.13"]
[Round "1.21"]
[White "Meftahi, Houssem"]
[Black "Petenyi, Tamas"]
[Result "1/2-1/2"]
[BlackTitle "IM"]
[WhiteElo "2076"]
[BlackElo "2468"]
[WhiteFideId "5501660"]
[BlackFideId "14909090"]
[EventDate "2013.09.13"]

1. e4 e5 2. Bc4 Nf6 3. d3 Nc6 4. Nc3 Bc5 5. f4 d6 6. Nf3 Bg4 7. Na4 Bb6 8. Nxb6
axb6 9. O-O Qe7 10. Qe1 Bxf3 11. gxf3 O-O-O 12. f5 g6 13. Qh4 h6 14. fxg6 fxg6
15. Be3 g5 16. Qh3+ Kb8 17. Qe6 Qg7 18. Qf7 Rh7 19. Qxg7 Rxg7 20. Kh1 Rf8 21. a3
Nh5 22. b4 Nf4 23. c3 Rd7 24. Bxf4 Rxf4 25. a4 Rd8 26. a5 Rdf8 27. Kg2 Ne7 28.
a6 c6 29. axb7 b5 30. Bb3 Kxb7 31. Ra2 Ra8 32. Rxa8 Kxa8 33. Be6 Kb7 34. Bg4 Rf8
35. Bh5 Ra8 36. Rf2 Ra1 37. Rf1 Ra3 38. Rc1 Ra2+ 39. Kg3 Rd2 40. Bf7 Rxd3 41. c4
Rd2 42. cxb5 cxb5 43. Be8 Kb6 44. Ra1 Nc6 45. Bxc6 Kxc6 46. Ra6+ Kb7 47. Ra5 Kb6
48. Ra8 Rb2 49. Rh8 Rxb4 50. Rxh6 Kc6 51. Kg4 Rb1 52. Kxg5 Rf1 53. Rh8 Rxf3 54.
h4 Rf7 55. Rb8 Rb7 56. Rxb7 Kxb7 57. h5 b4 58. h6 b3 59. h7 b2 60. h8=Q b1=Q 61.
Kf5 Qb3 62. Qh5 Kc7 63. Qh7+ Kc6 64. Qh5 Kc5 65. Qe2 Qh3+ 66. Kf6 Qh8+ 67. Kf7
Qh7+ 68. Ke6 Qh6+ 69. Ke7 Qh4+ 70. Ke6 Qh6+ 71. Ke7 Kd4 72. Qe1 Qh7+ 73. Kxd6
Qg6+ 74. Ke7 Qxe4 75. Qb4+ Kd3 76. Qb1+ Ke3 77. Qe1+ Kf3 78. Qh1+ Kf4 79. Qh4+ 1/2-1/2

[Event "52nd World Juniors 2013"]
[Site "Kocaeli TUR"]
[Date "2013.09.13"]
[Round "1.22"]
[White "Iermito, Sebastian"]
[Black "Igonin, Temur"]
[Result "1-0"]
[WhiteTitle "IM"]
[BlackTitle "FM"]
[WhiteElo "2462"]
[BlackElo "2074"]
[WhiteFideId "114286"]
[BlackFideId "14203049"]
[EventDate "2013.09.13"]

1. c4 e5 2. Nc3 d6 3. Nf3 f5 4. d3 Nf6 5. g3 g6 6. Bg2 Bg7 7. O-O Nc6 8. Rb1 a5
9. a3 O-O 10. b4 axb4 11. axb4 h6 12. b5 Ne7 13. Qb3 Be6 14. Ba3 g5 15. Qb4 Nd7
16. Nd2 Ra7 17. Ra1 f4 18. Bb2 Rxa1 19. Rxa1 Nc5 20. Nde4 f3 21. Bf1 b6 22. Nxc5
bxc5 23. Qb3 fxe2 24. Bxe2 Qe8 25. Ne4 Qf7 26. Qd1 Bf5 27. Bh5 Ng6 28. Qe2 Qe8
29. b6 Qc6 30. bxc7 Qxc7 31. Ra6 Rd8 32. Bc3 Qb7 33. Ra1 Ne7 34. Ba5 Rd7 35. Bg4
Qb3 36. Qf3 Qb2 37. Bc3 Bxg4 38. Qxg4 Qb7 39. h4 Qc6 40. hxg5 hxg5 41. Qe6+ Kh8
42. Kg2 Ng8 43. Rh1+ Bh6 44. Rxh6+ Nxh6 45. Qxh6+ Kg8 46. Bxe5 1-0

[Event "52nd World Juniors 2013"]
[Site "Kocaeli TUR"]
[Date "2013.09.13"]
[Round "1.23"]
[White "Gundogan, Cem"]
[Black "Javakhadze, Zurab"]
[Result "0-1"]
[BlackTitle "IM"]
[WhiteElo "2072"]
[BlackElo "2457"]
[WhiteFideId "6311032"]
[BlackFideId "13603647"]
[EventDate "2013.09.13"]

1. e4 e5 2. Nf3 Nc6 3. Bc4 Bc5 4. O-O Nf6 5. d4 Bxd4 6. Nxd4 Nxd4 7. f4 d6 8.
fxe5 dxe5 9. Bg5 Be6 10. Bxe6 Nxe6 11. Qxd8+ Rxd8 12. Bxf6 gxf6 13. Rxf6 Nf4 14.
Nc3 Rd2 15. g3 Nh3+ 16. Kh1 h5 17. Raf1 h4 18. g4 Rg8 19. Nd5 c6 20. Ne3 Re2 21.
Nc4 Rxg4 22. Rxf7 Rg1+ 23. Rxg1 Kxf7 24. Nd6+ Ke6 25. Rg6+ Kd7 26. Rh6 Ng5 27.
Nxb7 Nf3 28. Rh7+ Kc8 29. Nd6+ Kb8 30. Rb7+ Ka8 0-1

[Event "52nd World Juniors 2013"]
[Site "Kocaeli TUR"]
[Date "2013.09.13"]
[Round "1.24"]
[White "Nagy, Gabor1"]
[Black "Vucic, Mihovil"]
[Result "1-0"]
[WhiteTitle "IM"]
[WhiteElo "2457"]
[BlackElo "2063"]
[WhiteFideId "737119"]
[BlackFideId "14514990"]
[EventDate "2013.09.13"]

1. Nf3 Nf6 2. c4 e6 3. g3 d5 4. Bg2 Be7 5. O-O O-O 6. d4 Nc6 7. b3 Ne4 8. Bb2
Bd7 9. Nc3 Be8 10. e3 f5 11. Ne1 a5 12. Nd3 Bf7 13. Ne2 a4 14. f3 a3 15. Bc1 Nd6
16. c5 Nb5 17. Bd2 Bf6 18. f4 Bh5 19. Nf2 Nbxd4 20. exd4 Nxd4 21. g4 Nxe2+ 22.
Qxe2 Bxa1 23. Rxa1 Qf6 24. Re1 fxg4 25. Qxe6+ Qxe6 26. Rxe6 c6 27. Re5 Bg6 28.
Bf1 Bb1 29. Rg5 d4 30. Bc4+ Kh8 31. b4 Rfe8 32. Kf1 Re7 33. Nxg4 Rf8 34. Re5
Rxe5 35. Nxe5 h6 36. Ke2 Bf5 37. Bc1 Ra8 38. Nf7+ Kh7 39. Nd6 Kg6 40. Nxb7 Rb8
41. Na5 Rxb4 42. Nxc6 Rb2+ 43. Bd2 Bb1 44. Ne5+ Kh5 45. c6 Kh4 46. c7 Bf5 47.
Nf3+ Kh3 48. Nxd4 Bg4+ 49. Kd3 Rb7 50. Ne6 1-0

[Event "52nd World Juniors 2013"]
[Site "Kocaeli TUR"]
[Date "2013.09.13"]
[Round "1.25"]
[White "Yuksel, Atilla Koksal"]
[Black "Dastan, Muhammed Batuhan"]
[Result "1-0"]
[WhiteTitle "CM"]
[BlackTitle "IM"]
[WhiteElo "2060"]
[BlackElo "2455"]
[WhiteFideId "6306667"]
[BlackFideId "6300014"]
[EventDate "2013.09.13"]

1. e4 e5 2. Nf3 Nc6 3. d4 exd4 4. Bc4 Bc5 5. c3 Nf6 6. e5 d5 7. Bb5 Ne4 8. Nxd4
O-O 9. Bxc6 bxc6 10. O-O f6 11. Be3 Bd7 12. exf6 Qxf6 13. Nd2 Ng5 14. Qh5 Be7
15. N2b3 Nf7 16. Qe2 Ne5 17. Nc2 Qg6 18. f3 Bf5 19. Bd4 Nxf3+ 20. Rxf3 Bd6 21.
Ne3 Bd3 22. Rxf8+ Rxf8 23. Qg4 Qf7 24. Nc5 Qf2+ 25. Kh1 Bg6 26. Nd3 Qf7 27. Ne5
Bxe5 28. Bxe5 Qf2 29. Bd4 Qxb2 30. Rf1 Qa3 31. Qe6+ Kh8 32. Rxf8+ Qxf8 33. Qxc6
Be4 34. Qxc7 h5 35. h3 a6 36. Qe5 Qf7 37. c4 1-0

[Event "52nd World Juniors 2013"]
[Site "Kocaeli TUR"]
[Date "2013.09.13"]
[Round "1.26"]
[White "Ynojosa, Felix Jose"]
[Black "Du Plessis, Heinco"]
[Result "1-0"]
[WhiteTitle "IM"]
[WhiteElo "2439"]
[BlackElo "2050"]
[WhiteFideId "3900258"]
[BlackFideId "14306263"]
[EventDate "2013.09.13"]

1. e3 d5 2. c4 c6 3. cxd5 cxd5 4. Nf3 Nf6 5. b4 Qd6 6. b5 Bf5 7. Ba3 Qb6 8. Nc3
Nbd7 9. Rc1 e6 10. Bxf8 Nxf8 11. Nd4 Bg4 12. f3 Bh5 13. Na4 Qd8 14. b6 a6 15.
Nc5 N8d7 16. Nxa6 O-O 17. Nc7 Rc8 18. Qb3 Ne8 19. Be2 Nxc7 20. bxc7 Rxc7 21. O-O
Qb8 22. Rxc7 Qxc7 23. Rb1 b6 24. Nb5 Qb8 25. Nc3 Bg6 26. Rb2 Rc8 27. Qb4 h6 28.
a4 Qe5 29. Rb3 Bc2 30. Ra3 Bg6 31. Bb5 Nb8 32. Ne2 Nc6 33. Bxc6 Rxc6 34. Rc3
Rxc3 35. Nxc3 Qc7 36. Qd4 f6 37. h3 Be8 38. Qb4 Kf7 39. f4 Qc5 40. Qb1 d4 41.
Ne4 Qd5 42. Ng3 dxe3 43. dxe3 Bc6 44. Qc2 g6 45. Kh2 f5 46. Qb2 e5 47. fxe5 Ke6
48. Kg1 h5 49. h4 Qd1+ 50. Kf2 Qd5 51. Ne2 Qxg2+ 52. Ke1 Qh1+ 53. Kd2 Qd5+ 54.
Qd4 Qxe5 55. Nf4+ Kf6 56. Qxb6 Qd6+ 57. Ke1 Ke7 58. a5 Be8 59. Qb2 Qc5 60. Qg7+
Bf7 61. Nxg6+ Ke8 62. Qe5+ Qxe5 63. Nxe5 Bd5 64. Kf2 Ke7 65. Kg3 Kf6 66. Kf4 1-0